[Event "AZE-ch Men 2019"]
[Site "Baku"]
[Date "2019.01.21"]
[Round "6"]
[White "Abbasov, Amil"]
[Black "Allahverdiyeva, Ayan"]
[Result "1-0"]
[WhiteElo "2190"]
[BlackElo "1975"]
[Annotator "NA"]
[PlyCount "89"]
[EventDate "2019.01.16"]
[EventType "swiss"]
[EventCountry "AZE"]
[SourceTitle "playchess.com"]
[Source "ChessBase"]
[SourceQuality "1"]
[TimeControl "40/5400+30:1800+30"]

1. e4 c5 {[%emt 0:05:48]} 2. Nf3 {[%emt 0:00:28]} d6 {[%emt 0:00:30]} 3. Bb5+ {[%emt 0:01:30]} Nd7 {[%emt 0:00:49]} 4. O-O {[%emt 0:00:35]} a6 {[%emt 0:00:44]} 5. Bxd7+ {[%emt 0:00:31]} Bxd7 {[%emt 0:00:11]} 6. d4 {[%emt 0:00:13]} cxd4 {[%emt 0:00:28]} 7. Qxd4 {[%emt 0:00:09]} Rc8 {[%emt 0:00:55] B51: Sicilian: Moscow Variation (3 Bb5+) without 3...Bd7} (7... Qc7 8. Nc3 e6 9. Bf4 Bc6 10. Rad1 Rd8 11. Nd5 exd5 12. exd5 Bb5 13. Rfe1+ Ne7 14. Ng5 h6 15. Ne4 {1-0 (77) Naiditsch,A (2721)-Wojtaszek,R (2727) Douglas 2018}) 8. c4 {[%emt 0:13:37]} Qc7 {[%emt 0:00:50]} 9. b3 {[%emt 0:01:36]} e5 {[%emt 0:01:02]} 10. Qd3 {[%emt 0:01:28]} b5 {[%emt 0:02:10]} 11. Nbd2 {[%emt 0:02:03]} Nf6 {[%emt 0:02:53]} 12. Rd1 $146 {[%emt 0:10:36]} ({Predecessor:} 12. Ba3 Be7 13. Rfc1 Qb8 14. cxb5 Bxb5 15. Rxc8+ Qxc8 16. Nc4 O-O 17. Nfxe5 Re8 18. Nf3 d5 19. Bxe7 dxc4 20. bxc4 {½-½ (20) Breder,D (2463)-Sadzikowski,D (2538) Germany 2016}) 12... Be7 {[%emt 0:08:37]} 13. Ba3 {[%emt 0:01:02]} Qb6 {[%emt 0:01:09]} 14. Rac1 {[%emt 0:16:19]} b4 {[%emt 0:05:01]} 15. Bb2 {[%emt 0:00:20]} O-O {[%emt 0:02:30]} 16. Nf1 {[%emt 0:05:48]} Bc6 {[%emt 0:08:38]} 17. Ng3 {[%emt 0:03:29]} Rfd8 {[%emt 0:01:46]} 18. Qe2 {[%emt 0:01:39]} Qb7 {[%emt 0:03:51]} 19. Nd2 {[%emt 0:01:55]} Nd7 {[%emt 0:04:16]} 20. Nf5 {[%emt 0:14:26]} Bf8 {[%emt 0:03:06]} 21. Re1 {[%emt 0:04:02]} Nc5 {[%emt 0:12:56]} 22. Rcd1 {[%emt 0:00:45]} g6 {[%emt 0:02:24]} 23. Ng3 {[%emt 0:00:16]} Ne6 {[%emt 0:00:41]} 24. Ndf1 {[%emt 0:01:13]} Bg7 {[%emt 0:04:27]} 25. Qd2 {[%emt 0:03:59]} h5 {[%emt 0:04:51]} 26. f3 {[%emt 0:01:21]} h4 {[%emt 0:05:19]} 27. Nh1 $1 {[%emt 0:01:06] [#]} h3 $1 {[%emt 0:02:01]} 28. g3 {[%emt 0:00:39]} Kh7 {[%emt 0:04:27]} ({Better is} 28... a5 $15) 29. Nf2 {[%emt 0:01:33]} Bh6 {[%emt 0:01:02]} ({Black should try} 29... f5 $11) 30. Qd3 {[%emt 0:00:11]} (30. Ne3 $16) 30... f5 {[%emt 0:04:44]} 31. Nd2 {[%emt 0:07:08]} Ng5 {[%emt 0:05:59]} 32. Qf1 {[%emt 0:01:52]} Rf8 {[%emt 0:01:22]} 33. Nxh3 {[%emt 0:01:26]} Nxe4 {[%emt 0:00:28]} 34. Nb1 {[%emt 0:02:55]} Ng5 {[%emt 0:00:34]} 35. Nxg5+ {[%emt 0:00:18]} Bxg5 {[%emt 0:00:05]} 36. Qh3+ {[%emt 0:00:12]} Bh6 {[%emt 0:00:50]} 37. Rxd6 {[%emt 0:00:40]} Bxf3 {[%emt 0:00:28]} 38. Bc1 {[%emt 0:01:00]} Bh5 {[%emt 0:00:09]} 39. Bxh6 {[%emt 0:00:38]} Kxh6 {[%emt 0:00:04]} 40. Rxe5 {[%emt 0:00:00]} Rce8 $2 {[%emt 0:00:00]} (40... Qa7+ $11 {and Black has nothing to worry.} 41. Kg2 Rcd8 42. Rxg6+ Kxg6 43. Re6+ Rf6 44. Rxf6+ Kxf6 45. Qh4+ (45. Qxh5 $2 Qa8+ 46. Kg1 Qe4 $19) 45... Kg6 46. Qxd8 Qe3 47. Qd6+ {[%mdl 64] Double Attack} Kg7) 41. g4 {[%emt 0:17:46]} Qa7+ {[%emt 0:11:08]} 42. c5 {[%emt 0:00:32]} Rxe5 {[%emt 0:00:13]} 43. Qxh5+ $18 {[%emt 0:00:25]} Kg7 {[%emt 0:00:57]} 44. Rxg6+ {[%emt 0:01:26]} Kf7 {[%emt 0:00:04]} 45. Rxa6+ {[%emt 0:00:11]} 1-0

[Event "AZE-ch Men 2019"]
[Site "Baku"]
[Date "2019.01.21"]
[Round "6"]
[White "Ilyasli, Ughur"]
[Black "Babazada, Khazar"]
[Result "0-1"]
[WhiteElo "2148"]
[BlackElo "2299"]
[Annotator "NA"]
[PlyCount "92"]
[EventDate "2019.01.16"]
[EventType "swiss"]
[EventCountry "AZE"]
[SourceTitle "playchess.com"]
[Source "ChessBase"]
[SourceQuality "1"]
[TimeControl "40/5400+30:1800+30"]

1. Nf3 f5 2. d4 {[%emt 0:01:31]} Nf6 {[%emt 0:01:50]} 3. c4 {[%emt 0:00:28]} g6 {[%emt 0:00:36]} 4. g3 {[%emt 0:02:22]} Bg7 {[%emt 0:00:04]} 5. Bg2 {[%emt 0:00:09]} O-O {[%emt 0:00:06]} 6. O-O {[%emt 0:01:24]} d6 {[%emt 0:03:40]} 7. Nc3 {[%emt 0:01:23]} c6 {[%emt 0:01:19]} 8. Re1 {[%emt 0:13:08]} Ne4 {[%emt 0:01:49]} 9. Qb3 {[%emt 0:24:39] LiveBook: 5 Games A88: Dutch Defence: Leningrad System: 5 Nf3 0-0 6 0-0 d6 7 Nc3 c6} (9. Qc2 Nxc3 10. bxc3 e5 11. e4 fxe4 12. Qxe4 Bf5 13. Qe3 Nd7 14. Ba3 Nb6 15. Qe2 Re8 16. dxe5 dxe5 17. Rad1 {0-1 (34) Vachier Lagrave,M (2745)-Ponomariov,R (2731) Beijing 2013}) 9... Kh8 {[%emt 0:01:06]} 10. Bf4 {[%emt 0:06:39]} Qa5 $146 {[%emt 0:04:37]} ({Predecessor:} 10... Na6 11. Rad1 Nxc3 12. Qxc3 Nc5 13. Qc1 Ne4 14. Bh6 Be6 15. Bxg7+ Kxg7 16. b3 Bf7 {½-½ (37) Ghaem Maghami,E (2574)-Potapov,P (2493) Doha 2016}) 11. c5 {[%emt 0:06:15]} d5 {[%emt 0:00:45]} 12. Nxe4 {[%emt 0:13:41]} fxe4 {[%emt 0:00:36]} 13. Ne5 {[%emt 0:00:11]} Na6 {[%emt 0:05:21]} 14. h4 {[%emt 0:06:02]} Nc7 {[%emt 0:00:38]} 15. Bg5 {[%emt 0:07:06]} Ne6 {[%emt 0:01:33]} 16. Bxe7 {[%emt 0:04:26]} Re8 {[%emt 0:01:10]} 17. Bd6 {[%emt 0:02:09]} Nxd4 {[%emt 0:01:12]} 18. Qd1 {[%emt 0:00:20]} Nf5 {[%emt 0:01:04]} ({But not} 18... Rxe5 19. Qxd4 Re8 20. Qe3 $17) 19. b4 {[%emt 0:02:57]} Qa3 {[%emt 0:01:15]} ({Don't take} 19... Qxb4 20. Rb1 $19) 20. Nf7+ {[%emt 0:03:22]} Kg8 {[%emt 0:00:13]} 21. Ng5 {[%emt 0:00:01]} h6 {[%emt 0:00:45]} 22. Nh3 {[%emt 0:00:09]} e3 {[%emt 0:00:28]} 23. f3 {[%emt 0:02:23]} Nxd6 {[%emt 0:01:23]} 24. cxd6 {[%emt 0:00:05]} Qxb4 {[%emt 0:00:06]} 25. d7 {[%emt 0:00:07]} Bxd7 {[%emt 0:00:42]} 26. Rb1 {[%emt 0:00:05]} Qd6 {[%emt 0:00:06]} 27. f4 {[%emt 0:01:07]} b5 {[%emt 0:00:14]} 28. Kh2 {[%emt 0:00:04]} Rad8 {[%emt 0:00:27]} 29. Ng1 {[%emt 0:00:06]} g5 {[%emt 0:04:19]} 30. Nf3 {[%emt 0:01:05]} gxf4 {[%emt 0:01:31]} 31. g4 {[%emt 0:00:33]} d4 {[%emt 0:00:54]} 32. g5 {[%emt 0:00:22]} h5 {[%emt 0:00:32]} 33. a4 {[%emt 0:00:25]} a6 {[%emt 0:00:19]} 34. axb5 {[%emt 0:00:48]} axb5 {[%emt 0:00:01]} 35. Qd3 {[%emt 0:00:28]} Qe6 {[%emt 0:02:58]} 36. Rh1 {[%emt 0:01:17]} c5 {[%emt 0:00:32]} 37. Rxb5 {[%emt 0:00:29]} c4 {[%emt 0:00:55]} 38. Qb1 {[%emt 0:00:01]} Bxb5 {[%emt 0:00:46]} 39. Qxb5 {[%emt 0:00:01]} d3 {[%emt 0:00:18]} 40. g6 {[%emt 0:00:00]} Qd5 {[%emt 0:00:00]} 41. Qa6 {[%emt 0:02:58]} d2 {[%emt 0:02:42]} 42. Ng5 {[%emt 0:00:09]} f3 {[%emt 0:00:24]} 43. Bxf3 $19 {[%emt 0:03:15]} Qd6+ {[%emt 0:00:04]} 44. Qxd6 {[%emt 0:00:19]} Rxd6 {[%emt 0:00:04]} 45. Bxh5 {[%emt 0:01:26]} d1=Q {[%emt 0:00:33]} 46. Rxd1 {[%emt 0:00:02]} Rxd1 {[%emt 0:00:08]} 0-1

[Event "AZE-ch Men 2019"]
[Site "Baku"]
[Date "2019.01.21"]
[Round "6"]
[White "Isgandarov, Shahriyar"]
[Black "Novruzov, Emin"]
[Result "0-1"]
[WhiteElo "2113"]
[BlackElo "1910"]
[Annotator "NA"]
[PlyCount "76"]
[EventDate "2019.01.16"]
[EventType "swiss"]
[EventCountry "AZE"]
[SourceTitle "playchess.com"]
[Source "ChessBase"]
[SourceQuality "1"]
[TimeControl "40/5400+30:1800+30"]

1. e4 {[%emt 0:10:35]} Nf6 {[%emt 0:07:33]} 2. e5 {[%emt 0:03:51]} Nd5 {[%emt 0:00:04]} 3. c4 {[%emt 0:00:23]} Nb6 {[%emt 0:00:07]} 4. d4 {[%emt 0:01:54]} d6 {[%emt 0:02:09]} 5. exd6 {[%emt 0:00:20]} cxd6 {[%emt 0:00:27]} 6. Nf3 {[%emt 0:00:38]} g6 {[%emt 0:00:55]} 7. Be2 {[%emt 0:01:00] LiveBook: 40 Games} Bg7 {[%emt 0:00:31]} 8. O-O {[%emt 0:01:03]} O-O {[%emt 0:00:07]} 9. b3 {[%emt 0:03:26]} Nc6 {[%emt 0:04:43] B04: Alekhine's Defence: 4 Nf3} 10. Bb2 {[%emt 0:00:16]} d5 {[%emt 0:00:35]} (10... Bg4 11. Nbd2 d5 12. c5 Nd7 13. Rc1 b6 14. b4 bxc5 15. bxc5 Rb8 16. Bc3 Qc7 17. Qa4 Nf6 18. Rfe1 Bxf3 19. Bxf3 {0-1 (28) Hansen,M (2306)-Rozentalis,E (2611) Odense 2013}) 11. c5 {[%emt 0:05:15]} Nd7 {[%emt 0:00:15]} 12. b4 $146 {[%emt 0:04:29]} ({Predecessor:} 12. Nc3 $11 b6 13. cxb6 Nxb6 14. h3 a5 15. Bb5 Bd7 16. Bxc6 Bxc6 {½-½ (75) Abarca Gonzalez,N (2170)-Michel Yunis,C (2340) Santiago de Chile 2012}) 12... Nxb4 {[%emt 0:07:29]} 13. Qb3 {[%emt 0:00:42]} a5 {[%emt 0:00:36]} 14. a3 {[%emt 0:01:38]} Na6 {[%emt 0:00:17]} (14... Nc6 $17 15. Nbd2 e5 16. Nxe5 Ndxe5 17. dxe5 Nxe5) 15. Bxa6 {[%emt 0:02:28]} Rxa6 {[%emt 0:00:30]} 16. Qxd5 {[%emt 0:00:53]} Ne5 {[%emt 0:05:42]} 17. Qe4 {[%emt 0:10:36]} Nxf3+ {[%emt 0:03:43]} 18. Qxf3 {[%emt 0:00:31]} Bxd4 {[%emt 0:02:29]} 19. Rd1 {[%emt 0:01:28]} e5 {[%emt 0:00:22]} 20. Bxd4 {[%emt 0:02:13]} exd4 {[%emt 0:00:30]} 21. Nc3 {[%emt 0:03:28]} Rc6 {[%emt 0:12:34]} 22. Nd5 {[%emt 0:06:23]} Bg4 {[%emt 0:15:53]} 23. Qe4 {[%emt 0:07:46]} Re8 {[%emt 0:02:57]} 24. Qxd4 {[%emt 0:02:16]} Bxd1 {[%emt 0:01:29]} 25. Rxd1 {[%emt 0:00:09]} Qg5 {[%emt 0:08:09]} 26. f4 {[%emt 0:09:09]} Qg4 {[%emt 0:01:15]} 27. h3 {[%emt 0:01:04]} Qe6 {[%emt 0:04:35]} 28. Kh2 {[%emt 0:00:31]} f6 {[%emt 0:01:40]} 29. Rd3 {[%emt 0:02:52]} Kg7 {[%emt 0:02:19]} 30. Qb2 {[%emt 0:02:25]} (30. Qa4 $142) 30... Qf7 {[%emt 0:03:11]} 31. g4 {[%emt 0:05:34]} Rd8 {[%emt 0:01:30]} 32. Qd4 {[%emt 0:03:11]} Rc7 {[%emt 0:03:23]} 33. g5 {[%emt 0:05:33]} Rcd7 {[%emt 0:00:28]} 34. gxf6+ {[%emt 0:00:05]} Kh8 {[%emt 0:00:35]} 35. Qe5 {[%emt 0:00:58]} Rxd5 {[%emt 0:00:45]} 36. Rxd5 {[%emt 0:00:25]} Qxd5 {[%emt 0:00:29]} 37. Qe7 {[%emt 0:00:26]} Qa2+ {[%emt 0:04:37]} 38. Kg3 {[%emt 0:00:03]} Rd3+ {[%emt 0:00:10]} 0-1

[Event "AZE-ch Men 2019"]
[Site "Baku"]
[Date "2019.01.21"]
[Round "6"]
[White "Guliyev, Gasan"]
[Black "Jafarli, Babak"]
[Result "0-1"]
[WhiteElo "1997"]
[BlackElo "2128"]
[Annotator "NA"]
[PlyCount "56"]
[EventDate "2019.01.16"]
[EventType "swiss"]
[EventCountry "AZE"]
[SourceTitle "playchess.com"]
[Source "ChessBase"]
[SourceQuality "1"]
[TimeControl "40/5400+30:1800+30"]

1. d4 Nf6 {[%emt 0:10:21]} 2. Nf3 {[%emt 0:07:21]} c5 {[%emt 0:00:36]} 3. d5 {[%emt 0:01:22]} b5 {[%emt 0:00:18]} 4. a4 {[%emt 0:10:44]} Bb7 {[%emt 0:02:45]} 5. e4 {[%emt 0:07:23]} Nxe4 {[%emt 0:05:11]} 6. axb5 {[%emt 0:00:13]} Nf6 {[%emt 0:00:04]} 7. Nc3 {[%emt 0:17:40]} d6 {[%emt 0:00:40]} 8. Bc4 {[%emt 0:01:19]} g6 {[%emt 0:00:41]} 9. b3 {[%emt 0:17:51]} Bg7 {[%emt 0:00:47]} 10. Bb2 {[%emt 0:04:32]} O-O {[%emt 0:00:42]} 11. O-O {[%emt 0:00:11]} Nbd7 {[%emt 0:00:12]} 12. Re1 {[%emt 0:00:43]} Nb6 {[%emt 0:00:24]} 13. Ra2 $11 {[%emt 0:05:18]} Re8 {[%emt 0:06:13]} 14. h3 {[%emt 0:01:10]} Nfd7 {[%emt 0:02:37]} 15. Qd3 {[%emt 0:10:04]} Nf6 {[%emt 0:06:55]} 16. Qd2 {[%emt 0:01:04]} Qd7 {[%emt 0:05:24]} 17. Rea1 {[%emt 0:01:56]} Bc8 {[%emt 0:00:57]} 18. Na4 {[%emt 0:03:38]} Rb8 {[%emt 0:00:18]} 19. Nc3 {[%emt 0:01:08]} Rb7 {[%emt 0:00:27]} 20. Ng5 {[%emt 0:00:35]} Qc7 {[%emt 0:03:09]} 21. Nge4 {[%emt 0:01:18]} Bd7 {[%emt 0:06:42]} 22. Nxf6+ {[%emt 0:00:28]} exf6 23. Na4 {[%emt 0:01:36]} Na8 {[%emt 0:01:35]} 24. b4 {[%emt 0:01:37]} cxb4 {[%emt 0:00:56]} 25. Qxb4 {[%emt 0:00:37]} Re4 {[%emt 0:00:05]} 26. b6 {[%emt 0:02:24]} Rxc4 {[%emt 0:01:44]} 27. Qe1 {[%emt 0:00:27]} Nxb6 {[%emt 0:00:23]} 28. Nxb6 {[%emt 0:00:12]} Qxb6 {[%emt 0:00:07]} 0-1

[Event "AZE-ch Men 2019"]
[Site "Baku"]
[Date "2019.01.22"]
[Round "7"]
[White "Asadli, Vugar"]
[Black "Guliyev, Gasan"]
[Result "1-0"]
[WhiteElo "2471"]
[BlackElo "1997"]
[Annotator "TA"]
[PlyCount "95"]
[EventDate "2019.01.16"]
[EventType "swiss"]
[EventCountry "AZE"]
[SourceTitle "playchess.com"]
[Source "ChessBase"]
[SourceQuality "1"]

{[%evp 24,95,28,21,39,40,49,51,50,45,67,66,68,55,54,20,89,42,92,94,151,145,216,153,132,118,106,0,0,0,0,0,0,-16,0,-2,26,40,47,47,82,0,139,145,228,227,218,220,216,226,244,241,232,226,279,250,250,250,250,233,315,316,327,268,313,298,415,405,485,481,1124,1056,897,872]} 1. e4 e6 2. d4 d5 3. Nd2 c5 4. Ngf3 cxd4 5. Nxd4 Nc6 6. Bb5 Bd7 7. Nxc6 bxc6 8. Bd3 Bd6 {C07: French Tarrasch: 3...c5, 4 Ngf3 and 4 exd5 Qxd5} 9. Qe2 Qc7 10. Nf3 dxe4 11. Qxe4 Nf6 12. Qh4 h6 13. O-O {LiveBook: 5 Games} Ke7 {[#]} 14. Nd2 $146 ({Predecessor:} 14. Re1 g5 15. Qc4 c5 16. Be3 {0-1 (31) Navara,D (2725)-Potkin,V (2597) Tallinn 2016}) 14... g5 15. Qh3 $1 e5 16. Bf5 Bxf5 17. Qxf5 Qd7 18. Qd3 Bc7 19. Qe2 Qg4 (19... Rhe8 $11) 20. f3 Qd4+ 21. Kh1 $1 Nh5 ({Black should play} 21... Kf8) 22. Ne4 $16 f5 (22... Nf4 $16 23. Bxf4 gxf4) 23. Be3 Nf4 24. Qf2 ({Don't play} 24. Bxd4 $6 Nxe2 25. Bc5+ Ke6 $11) 24... Qc4 25. b3 (25. Bxf4 $1 $16 {Strongly threatening b3.} exf4 26. b3) 25... Qe2 $11 26. Rfe1 (26. Qxe2 {seems wilder.} Nxe2 27. Rae1 Nf4 28. Bc5+ Ke6 29. g3) 26... Qxf2 27. Nxf2 Kf6 28. Rad1 Nd5 29. Bd2 Bb6 30. Nd3 $36 {[%mdl 2048] White has the initiative.} Rhe8 31. c4 Nf4 {[#]} 32. Nb4 (32. Nxe5 $1 $16 {[%mdl 512] Black must now prevent Bc3.} Rxe5 33. Bc3) 32... Bd4 (32... Rac8 $11 {remains equal.}) 33. Nxc6 $16 Nd3 {[#]} (33... Re6 $16) 34. Bxg5+ $1 $18 {[%mdl 576] Discovered Attack} hxg5 (34... Kxg5 35. Rxd3) 35. Rxd3 Rac8 36. Nb4 a5 37. Nd5+ Kf7 38. g4 f4 39. Kg2 a4 40. h4 axb3 41. axb3 ({Don't take} 41. Rxb3 $6 gxh4 42. Rb7+ Kg6) 41... gxh4 {[#]} 42. Nxf4 $1 {[%mdl 512]} Ra8 (42... exf4 43. Rxe8) 43. Kh3 Ra2 44. Nh5 Rc2 45. f4 Rd8 46. fxe5 {White is clearly winning.} Bxe5 (46... Bf2 $142 47. Rf3+ Ke7) 47. Rf3+ Ke6 48. Rf6+ {Accuracy: White = 78%, Black = 44%.} 1-0

[Event "AZE-ch Men 2019"]
[Site "Baku"]
[Date "2019.01.22"]
[Round "7"]
[White "Muradli, Mahammad"]
[Black "Bajarani, Ulvi"]
[Result "1-0"]
[WhiteElo "2432"]
[BlackElo "2421"]
[Annotator "TA"]
[PlyCount "55"]
[EventDate "2019.01.16"]
[EventType "swiss"]
[EventCountry "AZE"]
[SourceTitle "playchess.com"]
[Source "ChessBase"]
[SourceQuality "1"]

{[%evp 14,55,36,37,80,78,68,77,91,99,103,97,135,143,147,135,145,144,154,148,142,149,316,226,328,308,313,301,373,373,373,373,373,364,368,370,358,359,410,415,495,464,508,504]} 1. d4 e6 2. c4 Nf6 3. Nf3 d5 4. Nc3 Bb4 5. Qb3 a5 6. Bg5 {[%cal Bc1g5,Bg5h4,Bh4g3][%mdl 32] D38: Queen's Gambit Declined: Ragozin Defence (4 Nf3 Bb4)} Nc6 7. a3 a4 8. Qc2 {LiveBook: 3 Games. White is slightly better.} Ba5 $146 ({Predecessor:} 8... Bxc3+ 9. bxc3 Na5 10. Qxa4+ Bd7 11. Qb4 Nxc4 12. e3 Ra4 13. Qxb7 Nxa3 14. Rc1 {½-½ (30) Shimanov,A (2642)-Nyzhnyk,I (2610) Saint Louis 2017}) 9. e3 h6 10. Bh4 g5 11. Bg3 Ne4 12. Bd3 f5 13. cxd5 exd5 {[#]} 14. O-O $1 Bxc3 15. bxc3 {[%cal Bb2c3,Bc3c4][%mdl 32]} O-O 16. c4 Be6 17. Rab1 {[%cal Ba1b1,Bb1b5,Bb5d5][%mdl 32]} b6 $2 (17... dxc4 $16 18. Bxe4 (18. Bxc4 Bxc4 19. Qxc4+ Rf7 $16) (18. Rxb7 cxd3 19. Qxc6 {[%mdl 64] Double Attack} Qd5 $15) 18... fxe4) 18. Rfc1 Ra7 (18... Na5 $142) 19. cxd5 $18 Bxd5 {[#]} 20. Rb5 $1 {[%cal Rb5d5] Rxd5! is the strong threat.} Kg7 {[#]} 21. Rxd5 $1 {[%mdl 576] Remove Defender} Qxd5 22. Qxc6 Qxc6 23. Rxc6 Nxg3 24. hxg3 ({Much less strong is} 24. fxg3 Rf6 $18) 24... Rf6 25. Rc2 c6 26. Ne5 Rc7 27. Bb5 c5 28. d5 {Accuracy: White = 100%, Black = 38%.} 1-0

[Event "AZE-ch Men 2019"]
[Site "Baku"]
[Date "2019.01.22"]
[Round "7"]
[White "Gadimbayli, Abdulla"]
[Black "Bashirli, Nail"]
[Result "1-0"]
[WhiteElo "2409"]
[BlackElo "2324"]
[Annotator "NA"]
[PlyCount "60"]
[EventDate "2019.01.16"]
[EventType "swiss"]
[EventCountry "AZE"]
[SourceTitle "playchess.com"]
[Source "ChessBase"]
[SourceQuality "1"]
[TimeControl "40/5400+30:1800+30"]

1. e4 {[%emt 0:06:30]} c5 {[%emt 0:03:16]} 2. Nf3 {[%emt 0:00:10]} e6 {[%emt 0:00:19]} 3. d4 {[%emt 0:00:21]} cxd4 {[%emt 0:00:04]} 4. Nxd4 {[%emt 0:00:04]} Nc6 {[%emt 0:00:02]} 5. Nc3 {[%emt 0:01:24]} Qc7 {[%emt 0:00:04]} 6. Be3 {[%emt 0:10:33]} a6 {[%emt 0:00:16]} 7. Nxc6 {[%emt 0:11:05]} bxc6 {[%emt 0:03:42] B48: Sicilian: Taimanov: 5 Nc3 Qc7 6 Be3 a6 without Be2} 8. g3 {[%emt 0:00:04]} Nf6 {[%emt 0:06:57]} 9. Bg2 {[%emt 0:01:50]} Be7 {[%emt 0:01:46]} 10. O-O {[%emt 0:01:17]} O-O {[%emt 0:00:02]} 11. Na4 {[%emt 0:04:14] LiveBook: 5 Games} d5 {[%emt 0:05:01]} 12. Bb6 $146 {[%emt 0:20:02]} ({Predecessor:} 12. exd5 cxd5 13. c4 Bb7 14. Nb6 Rad8 15. cxd5 Nxd5 16. Nxd5 Bxd5 17. Bxd5 Rxd5 {½-½ (39) Atlas,V (2480)-Ribli,Z (2585) Austria 2006}) 12... Qb8 {[%emt 0:09:08]} 13. Re1 {[%emt 0:11:17]} Nxe4 {[%emt 0:09:26]} 14. Bxe4 {[%emt 0:00:56]} dxe4 {[%emt 0:06:05]} 15. Qd4 {[%emt 0:00:05]} c5 {[%emt 0:11:14]} 16. Bxc5 {[%emt 0:02:29]} Rd8 {[%emt 0:05:22]} 17. Qxe4 {[%emt 0:05:41]} Bb7 {[%emt 0:03:32]} 18. Qe3 {[%emt 0:00:02]} Bf6 {[%emt 0:08:38]} 19. Nb6 {[%emt 0:02:33]} Qc7 {[%emt 0:00:55]} 20. Nxa8 {[%emt 0:02:55]} Qc6 {[%emt 0:00:18]} 21. f3 {[%emt 0:01:12]} Rd5 {[%emt 0:00:13]} 22. Ba7 {[%emt 0:01:17]} h5 {[%emt 0:12:40]} 23. Rad1 {[%emt 0:04:56]} Rf5 {[%emt 0:01:22]} 24. Qe4 {[%emt 0:03:19]} Qc8 {[%emt 0:05:28]} 25. Nb6 {[%emt 0:00:24]} Qc5+ {[%emt 0:00:36]} 26. Qe3 {[%emt 0:00:02]} Qc6 {[%emt 0:01:34]} 27. Rf1 {[%emt 0:02:39]} Bg5 {[%emt 0:02:42]} 28. Qd3 {[%emt 0:03:27]} Qc7 $18 {[%emt 0:02:33]} 29. Na4 {[%emt 0:02:19]} h4 {[%emt 0:00:29]} 30. Be3 {[%emt 0:01:09]} hxg3 1-0